Stolice położone nad Morzem Śródziemnym. - Statystyki

Ogólne statystyki
  • Ten quiz został rozwiązany 58 razy
    24 od ostatniego zresetowania
  • Średni wynik to 6 z 8
Statystyki odpowiedzi
Stolica % Poprawnych
Ateny
100%
Tunis
91%
Algier
82%
Rzym
82%
Bejrut
73%
Valletta
68%
Trypolis
64%
Monako
59%
Nie znaleziono quizów pasujących do podanych kryteriów
Rozkład punktacji
Procent ludzi z każdym wynikiem
Percentyl według liczby udzielonych odpowiedzi
Twoja historia wyników
Nie rozwiązałeś tego quizu od ostatniego zresetowania